|
|
|
|
| LEADER |
00649nab a2200145 i 4500 |
| 001 |
delm49508 |
| 005 |
20180927134842.0 |
| 008 |
180927s1937 hu o 0|| hun d |
| 040 |
|
|
|a SZTE Délmagyarország Archívum
|b hun
|
| 041 |
|
|
|a hun
|
| 245 |
0 |
0 |
|a Öt tiszti orvos végzi Szeged egész belterületén a közegészségügyi szolgálatot
|h [elektronikus dokumentum] :
|b a legtöbb tiszti orvos nem is lakik a kerületben : sürgősen meg kell változtatni a tiszti orvosi szolgálat rendszerét : dr. Sajó Lajos főorvos nyilatkozata
|
| 260 |
|
|
|c 1937-01-21
|
| 300 |
|
|
|a 5
|
| 490 |
0 |
|
|a Délmagyarország
|v 13 No. 16
|
| 695 |
|
|
|a Sajó Lajos, Közegészségügy Szeged
|